quiz culture G Belgique - Statistiques

Statistiques générales
  • Ce quiz a été pris 114 fois
  • Le résultat moyen est 14 sur 22
Statistiques - réponses
Hint Réponse % Correct
Nom de la ville qui est la capitale de l'Europe et qui a la plus belle grand-place du monde B Bruxelles
96%
Nom de la ville appelée la "Venise" de Belgique B Bruges
92%
Boisson alcoolisée préférée des belges B la bière
92%
Nom de la capitale de la Wallonie N Namur
92%
nom du personage qui est tombé dans la potion magique quand il était petit O Obélix
89%
Compléter la devise de la Belgique : "l'union ..." F L'union fait la force
85%
Nom du chef-lieu province de Flandres-Orientale G Gand
84%
Ville belge où il y a beaucoup de diamantaires juifs A Anvers
81%
Nom du cowboy qui se bat contre les Daltons L Lucky Luke
74%
Nom de l'hymne nationale belge B La Brabançonne
73%
Nom du peintre belge connu qui a dessiné une pomme M Paul Magritte
72%
Nom de la future reine des Belges E Princesse Elisabeth
66%
Nom de la ville où est né Adolphe Sax D Dinant
63%
Nom du Roi des Belges mort en vacances en 1993 B Baudouin
56%
Nom du fils du Roi chevalier L Leopold 3
56%
Année de l'indépendance de la Belgique 1700-2000 1830
52%
Nom du premier ministre belge depuis le 3 février 2025 W Bart de Wever
46%
Nom du point culminant de la Belgique S Le signal de Botrange
42%
Nom d'artiste de l'humoriste belge connu pour ses caméras cachées F François l'embrouille
38%
Nom du canal entre Liège et Anvers A Le canal Albert
23%
Nom de la seule gagnante belge de l' Eurovision S Sandra Kim
23%
Définition d'un dikkenek V un vantard
18%
Aucun quiz correspondant
Distribution des résultats
% des personnes avec chaque résultat
Percentile par nombre de réponses
Votre historique - résultats
Vous n’avez pas pris ce quiz